| 000 | 03476nam a22003377i 4500 | ||
|---|---|---|---|
| 001 | TCPA 26 | ||
| 003 | gtcocun | ||
| 005 | 20250912222852.0 | ||
| 006 | a||||gr|||| 00| 0 | ||
| 008 | 250912b2016 gt ||||| m||| 00| 0 eng d | ||
| 040 |
_agtcocun _bSPA _cgtcocun _eRDA |
||
| 041 | _aSPA | ||
| 084 | _0TCPA 26 | ||
| 100 |
_aBac Ical, Zoila Florinda _eAutor |
||
| 245 |
_aInforme final del Ejercicio Profesional Supervisado, realizado en Furgocisternas Kress, Sociedad Anónima, Cobán, Alta Verapaz/ _cZoila Florinda Bac Ical _hImpreso |
||
| 264 |
_aCobán, Alta Verapaz: _bUniversidad de San Carlos de Guatemala, Centro Universitario del Norte, Licenciatura en Contaduría Pública y Auditoría. _cTCPA 26 |
||
| 300 |
_a59 p.: _bIlustraciones, gráficas. _c28 cm; |
||
| 336 |
_2rdacontenido _aTexto _btxt |
||
| 337 |
_2rdamedio _aComputadora _bn |
||
| 338 |
_2rdasoporte _aCódigo en línea _bcr |
||
| 502 | _e. | ||
| 502 | _e. | ||
| 502 |
_aTesis de grado _cUniversidad de San Carlos de Guatemala, Centro Universitario del Norte, |
||
| 502 |
_aTesis de grado _bLicenciatura en Contaduría Pública y Auditoría. _cUniversidad de San Carlos de Guatemala, Centro Universitario del Norte, Licenciatura en Contaduría Pública y Auditoría. _d2016 _oTCPA 26 |
||
| 520 | 1 | 4 | _aLa Universidad de San Carlos de Guatemala, a través del Centro Universitario del Norte y la carrera de Contaduría Pública y Auditoría, desarrolla el Ejercicio Profesional Supervisado que fue efectuado en la empresa denominada Furgocisternas Kress, S.A. ubicada en la 10 calle 4-37, Zona 5, Residenciales CACIC de Cobán, Alta Verapaz, con la actividad de transporte de carga por carretera a nivel nacional e internacional. Se identificaron las principales necesidades mediante la etapa de diagnóstico, la cuales fueron jerarquizadas y posteriormente se planteó las propuestas de solución para cada una. Entre las principales debilidades se encontraron la deficiencia en el manejo de propiedad, planta y equipo, por lo cual se realizó una auditoría especial, basado en la evidencia suficiente y competente y en el juicio profesional, se emitió el dictamen con salvedad por identificarse que no estaban registrados contablemente la totalidad de los activos fijos. Además la empresa posee sus registros contables desactualizados, como alternativa de solución se realizó la reestructuración contable de los años 2011 a 2014 para conservar al día los libros contables, con base en la documentación de soporte existente. Conjuntamente con la reestructuración fue necesario verificar la correcta determinación de los impuestos siguientes: Impuesto al Valor Agregado, Impuesto Sobre la Renta e Impuesto de Solidaridad, con la finalidad de determinar las rectificaciones que correspondían, de esa manera, se evitará futuras sanciones por parte de la Administración Tributaria. Derivado de la revisión de impuestos, se efectuó una asesoría de control interno fiscal que consistió en proporcionar un acompañamiento en el período fiscal 2015 y guía para la correcta determinación de los impuestos futuros. |
| 650 | 1 | 4 |
_2LEMB _aCobán, Alta Verapaz _xpropiedad _xplanta _xreestructuracion _xdeclaraciones |
| 700 |
_aLic. Miguel Alberto Klug Caal _eAsesor |
||
| 856 |
_uhttps://drive.google.com/file/d/1k32zBDp2WJGPe6Ov1Y-ZRxWH2tBW03N9/view?usp=sharing _yPDF _zUn ejemplar en línea. |
||
| 942 |
_2ddc _cTES _iTCPA_26 _kClasificación _n0 _6TCPA__26 |
||
| 999 |
_c1828 _d1828 |
||